Statistiques concernant Culture Générale - Série 1722

Cliquez ici pour prendre le quiz!

Statistiques générales

  • Ce quiz a été pris 101 fois
  • Le résultat moyen est 5 sur 10

Statistiques - réponses

QuestionRéponse% Correct
Dans quelle ville espagnole peut-on admirer la Sagrada Familia ?Barcelone
99%
De quelle communauté autonome font partie les villes espagnoles de Séville, Cordoue, Grenade et MalagaAndalousie
76%
Dans quel pays peut-on se rendre en pélérinage à Fatima ?Portugal
68%
L'un des points par où passe la frontière entre France et Allemagne s'appelle Huningue. Dans quel département se trouve cette ville ?Haut-Rhin
63%
Fuerteventura est la deuxième plus grande île de l'archipel des ...Canaries
54%
Quel fleuve traverse la ville espagnole de Séville ?Guadalquivir
41%
Comment appelle t-on officiellement un citoyen de Bosnie-Herzégovine quelle que soit sa communauté d'origine (Croate, Serbe ou Musulmane) ?bosnien
27%
Dans quelle ville espagnole naquit et mourut Salvador Dali (1904-1989)Figueras
21%
Qui a dit ; " Pense par toi-même" ?Kant
11%
Quel était le nom (durant l'époque communiste) de la ville de Podgorica, devenue aujourd'hui la capitale du Monténégro ?Titograd
3%

Distribution des résultats

Percentile par nombre de réponses

% des personnes avec chaque résultat

Votre développement - résultats

Vous n’avez pas pris ce quiz